[Event "26. Copenhagen Open  (Politiken Cup)"]
[Site "Taastrup"]
[Date "2004.07.31"]
[Round "9"]
[White "Lauritsen, Martin Lee"]
[Black "Roder, Peter"]
[Result "1/2-1/2"]
[WhiteElo "2040"]
[BlackElo "2166"]
[PlyCount "111"]
[EventDate "2004.07.24"]
[EventType "swiss"]
[EventRounds "10"]
[EventCountry "DEN"]
[SourceDate "2004.01.01"]

1. e4 c5 2. Nf3 d6 3. d4 cxd4 4. Nxd4 Nf6 5. Nc3 g6 6. Be3 Bg7 7. f3 O-O 8. Bc4
Nc6 9. Qd2 Bd7 10. O-O-O Ne5 11. Bb3 Qa5 12. h4 Rfc8 13. g4 b5 14. Kb1 Nc4 15.
Bxc4 bxc4 16. h5 Rab8 17. Ka1 Qb4 18. Rb1 Rc5 19. hxg6 fxg6 20. a3 Ra5 21. Na2
Qxd2 22. Bxd2 Rc5 23. Be3 Rcc8 24. Nc3 e6 25. Rhd1 Ne8 26. Ka2 a6 27. g5 Nc7
28. Nde2 d5 29. exd5 Nxd5 30. Nxd5 exd5 31. Bd4 Bf5 32. Bxg7 Kxg7 33. Nd4 Rf8
34. Re1 Rbe8 35. Rbd1 Bd7 36. c3 h5 37. gxh6+ Kxh6 38. Rh1+ Kg7 39. Rh2 Rh8 40.
Rg2 Kf6 41. Rdg1 Rh6 42. Rg5 Bf5 43. R5g2 Bd3 44. Rg5 Rh5 45. R5g2 Rhe5 46. a4
Re1 47. Rxe1 Rxe1 48. a5 Ke5 49. Rh2 Bb1+ 50. Ka3 Bf5 51. Re2+ Rxe2 52. Nxe2
Bd7 53. Kb4 Kd6 54. Nd4 g5 55. Ne2 Bh3 56. Nd4 1/2-1/2

[Event "26. Copenhagen Open  (Politiken Cup)"]
[Site "Taastrup"]
[Date "2004.07.31"]
[Round "9"]
[White "Laursen, Niels Norskov"]
[Black "Rohrmueller, Ulrich"]
[Result "1-0"]
[WhiteElo "2097"]
[BlackElo "2260"]
[PlyCount "57"]
[EventDate "2004.07.24"]
[EventType "swiss"]
[EventRounds "10"]
[EventCountry "DEN"]
[SourceDate "2004.01.01"]

1. e4 e6 2. d3 d5 3. Nd2 Nf6 4. Ngf3 Nc6 5. g3 Bc5 6. Bg2 dxe4 7. dxe4 e5 8.
Qe2 O-O 9. O-O a5 10. Nc4 Qe7 11. c3 b6 12. a4 Ba6 13. Nfd2 Qe6 14. b3 Rfd8 15.
Bb2 Ne8 16. Rfd1 Nd6 17. Bf1 Qf6 18. Qe1 Bxc4 19. Bxc4 Nxc4 20. Nxc4 Qf3 21.
Nd2 Qh5 22. Nf1 Rxd1 23. Qxd1 Qg6 24. Qc2 Rd8 25. Bc1 h5 26. Be3 Qd6 27. Bxc5
Qxc5 28. Ne3 Nd4 29. cxd4 1-0

[Event "26. Copenhagen Open  (Politiken Cup)"]
[Site "Taastrup"]
[Date "2004.07.31"]
[Round "9"]
[White "Lfstrand, Johannes"]
[Black "Skovgaard, Peter Nicolai"]
[Result "0-1"]
[WhiteElo "1856"]
[BlackElo "2116"]
[PlyCount "42"]
[EventDate "2004.07.24"]
[EventType "swiss"]
[EventRounds "10"]
[EventCountry "DEN"]
[SourceDate "2004.01.01"]

1. e4 c5 2. Nf3 e6 3. d4 cxd4 4. Nxd4 a6 5. c4 Nf6 6. e5 Qa5+ 7. Nc3 Qxe5+ 8.
Be2 Nc6 9. Nf3 Qc7 10. Bg5 Be7 11. Qd2 b6 12. O-O-O Bb7 13. Bf4 e5 14. Be3 Na5
15. Kb1 Bb4 16. Qc2 Rc8 17. Na4 Be4 18. Bd3 Bxd3 19. Rxd3 e4 20. Rd4 exf3 21.
Nxb6 Qxb6 0-1

[Event "26. Copenhagen Open  (Politiken Cup)"]
[Site "Taastrup"]
[Date "2004.07.31"]
[Round "9"]
[White "Marcussen, Johnni A"]
[Black "Sondergaard, Bent Hvid"]
[Result "0-1"]
[WhiteElo "1359"]
[BlackElo "1488"]
[PlyCount "50"]
[EventDate "2004.07.24"]
[EventType "swiss"]
[EventRounds "10"]
[EventCountry "DEN"]
[SourceDate "2004.01.01"]

1. e4 d5 2. exd5 Qxd5 3. Nc3 Qa5 4. Nf3 Nf6 5. d4 c6 6. Bf4 Bf5 7. Bd3 e6 8.
Ne5 Bxd3 9. Qxd3 Bb4 10. Nc4 Bxc3+ 11. bxc3 Qa6 12. Nd6+ Ke7 13. Qxa6 bxa6 14.
Rb1 Nbd7 15. O-O Nh5 16. Be5 f6 17. Rb7 fxe5 18. dxe5 Rhb8 19. Rfb1 Nf4 20. Nc4
Rxb7 21. Rxb7 Rb8 22. Rxb8 Nxb8 23. Nd6 Ng6 24. Nc4 Nd7 25. Na5 Ndxe5 0-1

[Event "26. Copenhagen Open  (Politiken Cup)"]
[Site "Taastrup"]
[Date "2004.07.31"]
[Round "9"]
[White "Moberg, Jan Rune"]
[Black "Tuomisto, Keijo"]
[Result "0-1"]
[WhiteElo "1525"]
[BlackElo "1951"]
[PlyCount "58"]
[EventDate "2004.07.24"]
[EventType "swiss"]
[EventRounds "10"]
[EventCountry "DEN"]
[SourceDate "2004.01.01"]

1. d4 d5 2. Nf3 c6 3. Bg5 Nd7 4. e3 Ngf6 5. Nbd2 e6 6. Bd3 Be7 7. O-O O-O 8.
Re1 c5 9. c3 b6 10. e4 Bb7 11. e5 Ne8 12. Bf4 g5 13. Bg3 g4 14. Nh4 h5 15. Ng6
fxg6 16. Bxg6 Ng7 17. h4 Bxh4 18. Nf1 Bxg3 19. Nxg3 Qg5 20. Qc2 h4 21. Nf1 Nf5
22. Bxf5 Qxf5 23. Qd2 Ba6 24. Ne3 Qg6 25. Kh2 g3+ 26. fxg3 hxg3+ 27. Kh3 Rf4
28. Nxd5 Qh5+ 29. Kxg3 Qh4# 0-1

[Event "26. Copenhagen Open  (Politiken Cup)"]
[Site "Taastrup"]
[Date "2004.07.31"]
[Round "9"]
[White "Mortensen, Henrik"]
[Black "Nolsoe, Eydun"]
[Result "0-1"]
[WhiteElo "2018"]
[BlackElo "2212"]
[PlyCount "80"]
[EventDate "2004.07.24"]
[EventType "swiss"]
[EventRounds "10"]
[EventCountry "DEN"]
[SourceDate "2004.01.01"]

1. d4 Nf6 2. Nf3 e6 3. e3 b6 4. Bd3 Bb7 5. O-O Be7 6. b3 O-O 7. Bb2 Ne4 8. c4
d6 9. Qc2 f5 10. Nbd2 Nxd2 11. Nxd2 Bf6 12. f4 c5 13. a3 g6 14. Nf3 Nd7 15.
Rad1 Qc7 16. Kh1 Rae8 17. e4 cxd4 18. Nxd4 a6 19. exf5 gxf5 20. Nf3 Nc5 21.
Bxf6 Rxf6 22. b4 Ne4 23. Bxe4 fxe4 24. Ng5 d5 25. c5 bxc5 26. bxc5 Rxf4 27. Qd2
e5 28. Qe2 Qg7 29. Nh3 Rg4 30. Rb1 Ba8 31. Rfc1 Rg6 32. c6 Bxc6 33. Qxa6 Ba8
34. Qb5 Rf8 35. Qe2 d4 36. Rf1 Rd8 37. Qa2+ Kh8 38. Ng1 Rg8 39. Rb2 e3 40. Nf3
d3 0-1

[Event "26. Copenhagen Open  (Politiken Cup)"]
[Site "Taastrup"]
[Date "2004.07.31"]
[Round "9"]
[White "Mortensen, Jan T"]
[Black "Overmark, Ole"]
[Result "1-0"]
[WhiteElo "2028"]
[BlackElo "1653"]
[PlyCount "119"]
[EventDate "2004.07.24"]
[EventType "swiss"]
[EventRounds "10"]
[EventCountry "DEN"]
[SourceDate "2004.01.01"]

1. e4 e6 2. d3 d5 3. Nd2 c5 4. Ngf3 Nc6 5. g3 Nf6 6. Bg2 Be7 7. O-O O-O 8. Re1
d4 9. a4 e5 10. Nc4 Qc7 11. Nh4 Be6 12. Na3 Qd7 13. f4 Bg4 14. Bf3 Bxf3 15.
Nxf3 Bd6 16. Nc4 Rae8 17. Kg2 Bc7 18. h3 a6 19. a5 Qd8 20. Bd2 exf4 21. gxf4
Nh5 22. e5 Qd5 23. Qe2 f6 24. Qe4 Qxe4 25. Rxe4 fxe5 26. fxe5 Rf5 27. Nd6 Bxd6
28. exd6 Ref8 29. Rf1 Nf6 30. Ree1 Rd8 31. Nh4 Rxf1 32. Kxf1 Rxd6 33. Nf5 Rd5
34. Ne7+ Nxe7 35. Rxe7 Rd7 36. Re5 Rd5 37. Re7 Rd7 38. Re2 Nd5 39. Re5 Rf7+ 40.
Kg2 Rd7 41. Bg5 h6 42. Bd2 Kf7 43. Kf3 g5 44. h4 gxh4 45. Rh5 Rd6 46. Rxh4 Ke7
47. Bxh6 Re6 48. Bg5+ Kd6 49. Rh7 Kc6 50. Bd2 b5 51. Ra7 Re8 52. Rxa6+ Kb7 53.
Rd6 Nc7 54. Bf4 Na6 55. Rb6+ Ka7 56. Rxb5 Rc8 57. c3 dxc3 58. bxc3 c4 59. d4
Rf8 60. Ke4 1-0

[Event "26. Copenhagen Open  (Politiken Cup)"]
[Site "Taastrup"]
[Date "2004.07.31"]
[Round "9"]
[White "Nielsen, Max"]
[Black "Forsaa, Espen"]
[Result "1-0"]
[WhiteElo "2259"]
[BlackElo "2027"]
[PlyCount "39"]
[EventDate "2004.07.24"]
[EventType "swiss"]
[EventRounds "10"]
[EventCountry "DEN"]
[SourceDate "2004.01.01"]

1. e4 c5 2. Nf3 d6 3. d4 cxd4 4. Nxd4 Nf6 5. Nc3 g6 6. Be3 Bg7 7. f3 O-O 8. Qd2
Nc6 9. Bc4 Bd7 10. O-O-O Rc8 11. Bb3 Ne5 12. h4 Nc4 13. Bxc4 Rxc4 14. h5 Nxh5
15. g4 Nf6 16. Nb3 a5 17. Bh6 a4 18. Bxg7 Kxg7 19. Qh6+ Kh8 20. Nd5 1-0

[Event "26. Copenhagen Open  (Politiken Cup)"]
[Site "Taastrup"]
[Date "2004.07.31"]
[Round "9"]
[White "Nilssen, John Arni"]
[Black "Larsen, Karsten"]
[Result "1/2-1/2"]
[WhiteElo "2414"]
[BlackElo "2302"]
[PlyCount "40"]
[EventDate "2004.07.24"]
[EventType "swiss"]
[EventRounds "10"]
[EventCountry "DEN"]
[SourceDate "2004.01.01"]

1. d4 g6 2. e4 Bg7 3. c4 d6 4. Nc3 Nc6 5. d5 Nd4 6. Bd3 e5 7. dxe6 fxe6 8. h4
Bd7 9. Bg5 Bf6 10. Be3 Qe7 11. h5 O-O-O 12. hxg6 hxg6 13. Rxh8 Bxh8 14. Nh3 c5
15. Qd2 Bf6 16. O-O-O Qg7 17. f3 Ne7 18. Nf2 Nec6 19. Ng4 Be7 20. Bh6 Qh8
1/2-1/2

[Event "26. Copenhagen Open  (Politiken Cup)"]
[Site "Taastrup"]
[Date "2004.07.31"]
[Round "9"]
[White "Norton, Craig"]
[Black "Taksrud, Vidar"]
[Result "1/2-1/2"]
[WhiteElo "2108"]
[BlackElo "1954"]
[PlyCount "101"]
[EventDate "2004.07.24"]
[EventType "swiss"]
[EventRounds "10"]
[EventCountry "DEN"]
[SourceDate "2004.01.01"]

1. d4 Nf6 2. Nf3 e6 3. Bg5 h6 4. Bxf6 Qxf6 5. e4 d6 6. Bd3 Nd7 7. Nbd2 e5 8. c3
Be7 9. Qe2 c6 10. O-O O-O 11. Rad1 Re8 12. Bc2 a5 13. Nc4 Bf8 14. dxe5 dxe5 15.
Rd2 b5 16. Ne3 Nc5 17. Rfd1 g6 18. b3 h5 19. c4 b4 20. Ne1 Ne6 21. Qf1 Bc5 22.
Nd3 Bd4 23. Bb1 Qg5 24. Re2 c5 25. Nd5 Ra7 26. Kh1 Kg7 27. Ne1 h4 28. Nf3 Qh5
29. Nxd4 Nxd4 30. Re3 Bg4 31. f3 Be6 32. Rde1 g5 33. Qf2 a4 34. Bc2 axb3 35.
Bxb3 f6 36. Kg1 Qf7 37. Kh1 Ra6 38. Rg1 Rea8 39. g3 hxg3 40. Qxg3 Rh8 41. f4
Bxd5 42. cxd5 exf4 43. Qxf4 Nxb3 44. axb3 Ra2 45. Rxg5+ fxg5 46. Qxg5+ Qg6 47.
Qe7+ Kg8 48. Qd8+ Kg7 49. Qe7+ Kg8 50. Qd8+ Kg7 51. Qe7+ 1/2-1/2

[Event "26. Copenhagen Open  (Politiken Cup)"]
[Site "Taastrup"]
[Date "2004.07.31"]
[Round "9"]
[White "Olsen, Aage Dalstrup"]
[Black "Archangelsky, Mikhail"]
[Result "1/2-1/2"]
[WhiteElo "2098"]
[BlackElo "2312"]
[PlyCount "33"]
[EventDate "2004.07.24"]
[EventType "swiss"]
[EventRounds "10"]
[EventCountry "DEN"]
[SourceDate "2004.01.01"]

1. e4 e6 2. d4 d5 3. exd5 exd5 4. Nf3 Nf6 5. Bd3 Bg4 6. O-O Be7 7. Re1 O-O 8.
Bg5 Nbd7 9. Nbd2 Re8 10. c3 c5 11. dxc5 Nxc5 12. Bb5 Bd7 13. Bxd7 Qxd7 14. Nd4
Nce4 15. Nxe4 dxe4 16. Qd2 Rad8 17. Rad1 1/2-1/2

[Event "26. Copenhagen Open  (Politiken Cup)"]
[Site "Taastrup"]
[Date "2004.07.31"]
[Round "9"]
[White "Olsen, Peter Erik"]
[Black "Holst, Conny"]
[Result "1-0"]
[WhiteElo "2243"]
[BlackElo "2141"]
[PlyCount "81"]
[EventDate "2004.07.24"]
[EventType "swiss"]
[EventRounds "10"]
[EventCountry "DEN"]
[SourceDate "2004.01.01"]

1. d4 Nf6 2. c4 g6 3. Nc3 Bg7 4. e4 d6 5. Bg5 h6 6. Bh4 c5 7. d5 g5 8. Bg3 Qa5
9. Qd2 Nh5 10. Bd3 Nxg3 11. hxg3 Nd7 12. f4 a6 13. Nf3 b5 14. cxb5 Rb8 15. a4
axb5 16. Nxb5 Qxd2+ 17. Nxd2 Bxb2 18. Rb1 Bg7 19. Nc4 O-O 20. e5 gxf4 21. exd6
exd6 22. gxf4 Re8+ 23. Kf2 Nf6 24. Nbxd6 Rxb1 25. Rxb1 Rf8 26. Nxc8 Rxc8 27.
Nb6 Rb8 28. a5 c4 29. Bxc4 Ne4+ 30. Ke3 Re8 31. Bb5 Re7 32. Nc8 Rc7 33. Kxe4
Rxc8 34. Bc6 Rc7 35. a6 Bf8 36. Rb7 Rxb7 37. Bxb7 Bc5 38. d6 Kf8 39. Kd5 Ba7
40. Kc6 Bb8 41. Bc8 1-0

[Event "26. Copenhagen Open  (Politiken Cup)"]
[Site "Taastrup"]
[Date "2004.07.31"]
[Round "9"]
[White "Olsson, Tomas"]
[Black "Moller, Arne"]
[Result "1-0"]
[WhiteElo "2099"]
[BlackElo "1936"]
[PlyCount "67"]
[EventDate "2004.07.24"]
[EventType "swiss"]
[EventRounds "10"]
[EventCountry "DEN"]
[SourceDate "2004.01.01"]

1. e4 c5 2. d4 cxd4 3. Nf3 d6 4. Nxd4 Nf6 5. Nc3 a6 6. Be2 Nc6 7. O-O e6 8. a4
Be7 9. Be3 O-O 10. f4 Qc7 11. Kh1 Bd7 12. Nb3 b6 13. Bf3 Rab8 14. Qe2 Bc8 15.
g4 Nd7 16. g5 Nc5 17. Nd4 Nxd4 18. Bxd4 Bb7 19. Be3 f5 20. exf5 Rxf5 21. Bxc5
Rxc5 22. Qxe6+ Kh8 23. Rae1 Bxf3+ 24. Rxf3 Qc6 25. Ree3 Bf8 26. Ne4 Rxc2 27.
Rh3 Rc1+ 28. Kg2 Rc2+ 29. Kg3 Qe8 30. Qb3 Qc6 31. Qd3 g6 32. Rf3 Bg7 33. Nxd6
Kg8 34. Qb3+ 1-0

[Event "26. Copenhagen Open  (Politiken Cup)"]
[Site "Taastrup"]
[Date "2004.07.31"]
[Round "9"]
[White "Pedersen, Kaj Vinding"]
[Black "Mossin, Ivar Alexander"]
[Result "1/2-1/2"]
[WhiteElo "1496"]
[BlackElo "1000"]
[PlyCount "95"]
[EventDate "2004.07.24"]
[EventType "swiss"]
[EventRounds "10"]
[EventCountry "DEN"]
[SourceDate "2004.01.01"]

1. d4 Nf6 2. Nf3 e6 3. g3 b6 4. Bg2 Bb7 5. O-O Be7 6. Bg5 O-O 7. c3 d6 8. Re1
Nbd7 9. Nbd2 c5 10. dxc5 Nxc5 11. Nc4 Qc7 12. Bxf6 gxf6 13. Qd4 f5 14. Ne3 Ne4
15. Qc4 Rac8 16. Qxc7 Rxc7 17. Rad1 Rd8 18. Nd4 Bf6 19. Nb5 Rcd7 20. Bxe4 Bxe4
21. Nc4 d5 22. Nca3 d4 23. cxd4 Bxd4 24. Nxd4 Rxd4 25. Rxd4 Rxd4 26. Nb5 Rd2
27. f3 Bb7 28. Nxa7 Rxb2 29. a3 Rb3 30. Ra1 Kf8 31. a4 Rb2 32. Kf2 Rb3 33. Nb5
Rb4 34. Nc3 Rc4 35. Ra3 Ke7 36. Ke3 Kd6 37. Rb3 Kc6 38. Kd3 Ba6 39. Kd2 Rd4+
40. Kc2 Rc4 41. Kb2 Kc5 42. e3 Rb4 43. Ka3 Rxb3+ 44. Kxb3 Bc4+ 45. Ka3 Bd3 46.
h4 h5 47. Kb3 Bc4+ 48. Ka3 1/2-1/2

[Event "26. Copenhagen Open  (Politiken Cup)"]
[Site "Taastrup"]
[Date "2004.07.31"]
[Round "9"]
[White "Pedersen, Thomas"]
[Black "Kallenbach, Uffe"]
[Result "1-0"]
[WhiteElo "1712"]
[BlackElo "1445"]
[PlyCount "39"]
[EventDate "2004.07.24"]
[EventType "swiss"]
[EventRounds "10"]
[EventCountry "DEN"]
[SourceDate "2004.01.01"]

1. e4 c5 2. Nc3 d6 3. f4 Nc6 4. Nf3 Nf6 5. g3 g6 6. Bg2 e5 7. d3 Bg7 8. O-O O-O
9. Nh4 exf4 10. Bxf4 Nh5 11. Be3 Nd4 12. Nd5 Nf6 13. Bg5 Bg4 14. Bxf6 Bxd1 15.
Bxd8 Bxc2 16. Be7 Rfe8 17. Bxd6 Nb5 18. Bxc5 Bxb2 19. Rab1 Bxb1 20. Rxb1 1-0

[Event "26. Copenhagen Open  (Politiken Cup)"]
[Site "Taastrup"]
[Date "2004.07.31"]
[Round "9"]
[White "Petersen, Peter Birk"]
[Black "Eddy, Samuel"]
[Result "1-0"]
[WhiteElo "2214"]
[BlackElo "2048"]
[PlyCount "53"]
[EventDate "2004.07.24"]
[EventType "swiss"]
[EventRounds "10"]
[EventCountry "DEN"]
[SourceDate "2004.01.01"]

1. e4 e6 2. d3 c5 3. Nf3 d6 4. g3 g6 5. Bg2 Bg7 6. O-O Nc6 7. c3 Nge7 8. Qe2
Rb8 9. Be3 O-O 10. Nbd2 b5 11. d4 cxd4 12. cxd4 Ba6 13. Rfc1 Qd7 14. Nb3 Rfc8
15. Qd2 b4 16. Bh3 f5 17. Bf4 fxe4 18. d5 Nd8 19. Ng5 Nf5 20. dxe6 Nxe6 21. Qd5
Re8 22. Nc5 Rb5 23. Ngxe6 Qf7 24. Bxf5 dxc5 25. Bh3 Bc8 26. Qc4 Rb7 27. Nxg7
1-0

[Event "26. Copenhagen Open  (Politiken Cup)"]
[Site "Taastrup"]
[Date "2004.07.31"]
[Round "9"]
[White "Ramme, Christoph"]
[Black "Royset, Paal"]
[Result "0-1"]
[WhiteElo "2089"]
[BlackElo "2232"]
[PlyCount "94"]
[EventDate "2004.07.24"]
[EventType "swiss"]
[EventRounds "10"]
[EventCountry "DEN"]
[SourceDate "2004.01.01"]

1. d4 Nf6 2. Nf3 e6 3. e3 c5 4. Bd3 b6 5. Qe2 Be7 6. O-O Bb7 7. c3 O-O 8. e4 d6
9. Rd1 Qc7 10. Nbd2 e5 11. d5 a6 12. a4 Nh5 13. g3 g6 14. Nf1 Nd7 15. Bg5 Ndf6
16. Rdc1 Rfe8 17. Bd2 Bxd5 18. exd5 e4 19. Bxa6 exf3 20. Qd3 Ng4 21. Bb5 Ne5
22. Qc2 Qc8 23. Ne3 Bg5 24. Qd1 Re7 25. Nc4 Bxd2 26. Nxd2 Qg4 27. Bf1 Nf4 28.
h3 Nxh3+ 29. Bxh3 Qxh3 30. Nxf3 Ng4 31. b4 Rae8 32. Rc2 Re5 33. Qf1 Qh5 34.
bxc5 dxc5 35. c4 Rf5 36. Qg2 Nf6 37. Nh2 Rfe5 38. Qf3 Qg5 39. Nf1 h5 40. Kg2 h4
41. Qf4 Qxf4 42. gxf4 Rf5 43. Rb1 Nh5 44. Rxb6 Nxf4+ 45. Kh2 Re1 46. Ne3 Rg5
47. d6 Rgg1 0-1

[Event "26. Copenhagen Open  (Politiken Cup)"]
[Site "Taastrup"]
[Date "2004.07.31"]
[Round "9"]
[White "Rasmussen, Karsten"]
[Black "Bjarnason, Saevar"]
[Result "1/2-1/2"]
[WhiteElo "2470"]
[BlackElo "2318"]
[PlyCount "114"]
[EventDate "2004.07.24"]
[EventType "swiss"]
[EventRounds "10"]
[EventCountry "DEN"]
[SourceDate "2004.01.01"]

1. c4 Nf6 2. Nc3 g6 3. g3 Bg7 4. Bg2 O-O 5. d4 d6 6. e4 e5 7. Nge2 c6 8. O-O
Nbd7 9. h3 Qb6 10. Be3 Qa6 11. b3 b5 12. cxb5 cxb5 13. Qd2 b4 14. Na4 Bb7 15.
d5 Qb5 16. Rfc1 a5 17. f3 Ba6 18. Bf1 Qb7 19. Rc6 Ne8 20. Rac1 f5 21. g4 Ndf6
22. Nb6 Rd8 23. exf5 gxf5 24. Nc4 Bxc4 25. bxc4 Nd7 26. c5 Nxc5 27. Bxc5 dxc5
28. R1xc5 Rf6 29. Qc2 fxg4 30. fxg4 Bh6 31. Qe4 Qe7 32. Ng3 Nd6 33. Qe2 e4 34.
Bg2 Qe5 35. Nf5 Nxf5 36. gxf5 Qd4+ 37. Kh1 Qa1+ 38. Qf1 Qxf1+ 39. Bxf1 Rxf5 40.
Bc4 Kg7 41. Rxa5 Rd7 42. Ra8 Bf4 43. Re8 e3 44. Kg2 h5 45. h4 Be5 46. Rce6 Rf2+
47. Kg1 Bd4 48. Re4 Bc5 49. Kh1 Rd2 50. R4e5 Rd4 51. Be2 R7xd5 52. Kg2 Rd2 53.
Kf3 Rxe5 54. Rxe5 Bd4 55. Rxh5 Rxa2 56. Rb5 Rb2 57. Rd5 Rd2 1/2-1/2

[Event "26. Copenhagen Open  (Politiken Cup)"]
[Site "Taastrup"]
[Date "2004.07.31"]
[Round "9"]
[White "Refsgaard, Kaj"]
[Black "Serrano, Jose Manuel Garcia"]
[Result "0-1"]
[WhiteElo "1493"]
[BlackElo "1988"]
[PlyCount "116"]
[EventDate "2004.07.24"]
[EventType "swiss"]
[EventRounds "10"]
[EventCountry "DEN"]
[SourceDate "2004.01.01"]

1. d4 Nf6 2. Bg5 e6 3. Nf3 h6 4. Bh4 d5 5. e3 c5 6. c3 cxd4 7. Nxd4 Be7 8. Bd3
e5 9. Ne2 O-O 10. O-O Nc6 11. Nd2 Bd6 12. Rc1 e4 13. Bb5 Bxh2+ 14. Kh1 Be5 15.
c4 g5 16. Bg3 Bxg3 17. Nxg3 Nb4 18. cxd5 a6 19. Bc4 b5 20. Bb3 Nd3 21. Rc2 Re8
22. Ndxe4 Nxe4 23. Nxe4 Rxe4 24. Qxd3 Bf5 25. Qd2 Rh4+ 26. Kg1 Bxc2 27. Bxc2
Qd6 28. b3 Rd8 29. Rd1 Qe5 30. g3 Rh3 31. Kg2 g4 32. Qd3 Qh5 33. e4 Rh2+ 34.
Kf1 Qh3+ 35. Ke2 Rc8 36. e5 Rxc2+ 37. Qxc2 Rxf2+ 38. Kxf2 Qh2+ 39. Ke1 Qxc2 40.
d6 Qc8 41. d7 Qd8 42. Ke2 Kf8 43. Ke3 Ke7 44. Kf4 f6 45. exf6+ Kxf6 46. Kxg4
Ke6 47. Re1+ Kf7 48. Rf1+ Kg6 49. Rf4 Qxd7+ 50. Kh4 Qd2 51. a4 h5 52. Kh3 Kg5
53. axb5 axb5 54. b4 Qxf4 55. gxf4+ Kxf4 56. Kh4 Ke4 57. Kxh5 Kd4 58. Kg4 Kc4
0-1

[Event "26. Copenhagen Open  (Politiken Cup)"]
[Site "Taastrup"]
[Date "2004.07.31"]
[Round "9"]
[White "Reppen, Ellisiv"]
[Black "Lie, Terje"]
[Result "1-0"]
[WhiteElo "1668"]
[BlackElo "1094"]
[PlyCount "71"]
[EventDate "2004.07.24"]
[EventType "swiss"]
[EventRounds "10"]
[EventCountry "DEN"]
[SourceDate "2004.01.01"]

1. e4 d6 2. d4 Nf6 3. Nc3 g6 4. Nf3 Bg7 5. Bc4 Nc6 6. h3 O-O 7. Be3 a6 8. a3 b5
9. Ba2 e6 10. Qd2 Bb7 11. Bh6 Ne7 12. Bxg7 Kxg7 13. d5 exd5 14. exd5 Re8 15.
O-O-O Nc8 16. g4 Nb6 17. g5 Nfd7 18. h4 Kg8 19. h5 Ne5 20. Nxe5 Rxe5 21. f4 Re8
22. hxg6 fxg6 23. Rxh7 Kxh7 24. Rh1+ Kg8 25. Qh2 Re1+ 26. Rxe1 Qd7 27. Ne4 Rf8
28. Nf6+ Rxf6 29. gxf6 Bxd5 30. Re7 Qxe7 31. fxe7 Kf7 32. Qh7+ Ke8 33. Bxd5
Nxd5 34. Qg8+ Kxe7 35. Qxd5 Kd7 36. Qf7+ 1-0

[Event "26. Copenhagen Open  (Politiken Cup)"]
[Site "Taastrup"]
[Date "2004.07.31"]
[Round "9"]
[White "Romsdal, Trond"]
[Black "Jaeger, Frode Bull"]
[Result "1-0"]
[WhiteElo "2212"]
[BlackElo "2035"]
[PlyCount "79"]
[EventDate "2004.07.24"]
[EventType "swiss"]
[EventRounds "10"]
[EventCountry "DEN"]
[SourceDate "2004.01.01"]

1. d4 Nf6 2. c4 c5 3. e3 g6 4. b3 Bg7 5. Bb2 O-O 6. Nf3 cxd4 7. exd4 d5 8. c5
Nc6 9. Nbd2 Bf5 10. Bb5 Nb4 11. O-O Qa5 12. Be2 Nd3 13. Bxd3 Bxd3 14. Re1 Ne4
15. Nf1 Bxf1 16. Kxf1 Nxc5 17. Rxe7 Ne6 18. Kg1 Rab8 19. Ne5 Bxe5 20. dxe5 d4
21. Qe1 Qd5 22. Ba3 Rfd8 23. Rd1 Rbc8 24. Bd6 Rc2 25. f3 Nf4 26. Qe4 Rxg2+ 27.
Kh1 Qxe4 28. fxe4 Rxa2 29. Rf1 d3 30. Rxf4 d2 31. Rf1 Rc2 32. e6 f6 33. Rd7
Rdc8 34. Bf4 Rc1 35. Kg2 Rxf1 36. Kxf1 Rc1+ 37. Ke2 Re1+ 38. Kxd2 Rxe4 39. e7
Kf7 40. Bd6 1-0

[Event "26. Copenhagen Open  (Politiken Cup)"]
[Site "Taastrup"]
[Date "2004.07.31"]
[Round "9"]
[White "Sammalvuo, Niina"]
[Black "Vul, Arkadi Eremeevich"]
[Result "1/2-1/2"]
[WhiteElo "2268"]
[BlackElo "2438"]
[PlyCount "53"]
[EventDate "2004.07.24"]
[EventType "swiss"]
[EventRounds "10"]
[EventCountry "DEN"]
[SourceDate "2004.01.01"]

1. e4 e5 2. Nf3 Nc6 3. Bc4 Nf6 4. d3 Be7 5. O-O O-O 6. Re1 d6 7. a4 h6 8. a5 a6
9. c3 Nh7 10. d4 Ng5 11. Nbd2 Bg4 12. Be2 Bxf3 13. Nxf3 Nxe4 14. Bd3 Ng5 15.
Bxg5 Bxg5 16. dxe5 Nxe5 17. Nxe5 dxe5 18. Rxe5 Re8 19. Rxe8+ Qxe8 20. Qb3 Rb8
21. g3 b5 22. axb6 Rxb6 23. Qc2 Qe6 24. b3 Qxb3 25. Rxa6 Kf8 26. Rxb6 Qxb6 27.
Qa4 1/2-1/2

[Event "26. Copenhagen Open  (Politiken Cup)"]
[Site "Taastrup"]
[Date "2004.07.31"]
[Round "9"]
[White "Sandbech, Ted"]
[Black "Jensen, Alexander Lindberg"]
[Result "1/2-1/2"]
[WhiteElo "1839"]
[BlackElo "1567"]
[PlyCount "56"]
[EventDate "2004.07.24"]
[EventType "swiss"]
[EventRounds "10"]
[EventCountry "DEN"]
[SourceDate "2004.01.01"]

1. Nf3 g6 2. e4 Bg7 3. d4 d6 4. c4 Nc6 5. Nc3 e5 6. d5 Nce7 7. Be2 f5 8. Bd2
Nf6 9. Bd3 fxe4 10. Nxe4 Nxe4 11. Bxe4 O-O 12. Qc2 Nf5 13. O-O-O Nd4 14. Nxd4
exd4 15. f3 Bf5 16. Rde1 Qd7 17. Re2 Bxe4 18. Rxe4 Rae8 19. Rhe1 Rxe4 20. Rxe4
Re8 21. b3 c5 22. Rxe8+ Qxe8 23. Qe4 Qxe4 24. fxe4 Be5 25. h3 b6 26. Bg5 Kf7
27. Bd8 Ke8 28. Bh4 Kf7 1/2-1/2

[Event "26. Copenhagen Open  (Politiken Cup)"]
[Site "Taastrup"]
[Date "2004.07.31"]
[Round "9"]
[White "Skovgaard, Tom"]
[Black "Pozzo, Sebastian"]
[Result "0-1"]
[WhiteElo "2079"]
[BlackElo "1650"]
[PlyCount "124"]
[EventDate "2004.07.24"]
[EventType "swiss"]
[EventRounds "10"]
[EventCountry "DEN"]
[SourceDate "2004.01.01"]

1. e4 e6 2. d4 c5 3. Nf3 cxd4 4. Nxd4 Nf6 5. Bd3 Nc6 6. Nb3 d5 7. exd5 Nxd5 8.
O-O e5 9. Bb5 Qd6 10. Qe2 Be6 11. Rd1 O-O-O 12. Bxc6 Qxc6 13. c4 Nb4 14. Rxd8+
Kxd8 15. Na3 Bd6 16. Be3 b6 17. Rd1 Ke7 18. Nc1 h5 19. b3 a6 20. Nb1 Bf5 21.
Nc3 e4 22. f3 Bc5 23. Nxe4 Bxe4 24. fxe4 Rd8 25. Rxd8 Kxd8 26. a3 Nc2 27. Qxc2
Bxe3+ 28. Kf1 Bxc1 29. Qxc1 Qxe4 30. Qd2+ Kc7 31. Qe2 Qf4+ 32. Kg1 Qd4+ 33. Kf1
Qf4+ 34. Kg1 Qc1+ 35. Kf2 Qxa3 36. Qxh5 Qb2+ 37. Qe2 Qd4+ 38. Qe3 Qf6+ 39. Qf3
Qd4+ 40. Kg3 Qe5+ 41. Qf4 Kd6 42. h4 f6 43. h5 Ke6 44. Qxe5+ Kxe5 45. Kg4 a5
46. Kf3 Kd4 47. Kf4 Kc3 48. Kf5 Kxb3 49. Kg6 a4 50. Kxg7 a3 51. h6 a2 52. h7
a1=Q 53. g3 f5+ 54. Kg8 Qa8+ 55. Kg7 Kxc4 56. h8=Q Qxh8+ 57. Kxh8 b5 58. Kg7 b4
59. Kf6 b3 60. Kxf5 b2 61. g4 b1=Q+ 62. Kf6 Qh7 0-1

[Event "26. Copenhagen Open  (Politiken Cup)"]
[Site "Taastrup"]
[Date "2004.07.31"]
[Round "9"]
[White "Soupizon, Remi"]
[Black "Larsen, Allan"]
[Result "1-0"]
[WhiteElo "2003"]
[BlackElo "2158"]
[PlyCount "37"]
[EventDate "2004.07.24"]
[EventType "swiss"]
[EventRounds "10"]
[EventCountry "DEN"]
[SourceDate "2004.01.01"]

1. e4 c5 2. Nc3 e6 3. f4 a6 4. a4 d5 5. Nf3 Nc6 6. Be2 d4 7. Nb1 Be7 8. Na3 Nf6
9. d3 b6 10. Nc4 Rb8 11. Nfe5 Bb7 12. Nxc6 Bxc6 13. Ne5 Ba8 14. O-O Qc7 15. Qe1
b5 16. axb5 axb5 17. Qg3 Rg8 18. f5 Rb6 19. Rxa8+ 1-0